UITU Library & LRC     

Automation of Blow Bottle Molding Machine VIA PLC (Record no. 33034)

MARC details
000 -LEADER
fixed length control field 00651nam a2200145Ia 4500
008 - FIXED-LENGTH DATA ELEMENTS--GENERAL INFORMATION
fixed length control field 260210s9999 xx 000 0 und d
024 ## - OTHER STANDARD IDENTIFIER
Standard number or code 08B-172-Ee, 08B-176-EE, 08B-171-EE, 07A-121-EE & 08B-181-EE
082 ## - DEWEY DECIMAL CLASSIFICATION NUMBER
Classification number 668.4120272 MUH
100 ## - MAIN ENTRY--PERSONAL NAME
Personal name Muhammad Abdul Omer, Faiq Ahmed Khan, Nabeel Ahmed Qureshi, Syed Shan-ul-Haq & Aisha Ambreen Ansari
245 #0 - TITLE STATEMENT
Title Automation of Blow Bottle Molding Machine VIA PLC
260 ## - PUBLICATION, DISTRIBUTION, ETC.
Place of publication, distribution, etc. Karachi:
Name of publisher, distributor, etc. UITU,
Date of publication, distribution, etc. 2008
600 ## - SUBJECT ADDED ENTRY--PERSONAL NAME
Personal name Electronic Engineering
650 ## - SUBJECT ADDED ENTRY--TOPICAL TERM
Topical term or geographic name entry element Bachelor of Engineering (BE)
856 ## - ELECTRONIC LOCATION AND ACCESS
Uniform Resource Identifier <a href="https://drive.google.com/file/d/1ALB-VmO_frADJXiKvz4BizHiYios6S1Z/view?usp=sharing">https://drive.google.com/file/d/1ALB-VmO_frADJXiKvz4BizHiYios6S1Z/view?usp=sharing</a>
Link text Click here for PDF

No items available.

Powered by Koha